Statistiques concernant Verbes anglais les plus communs

Cliquez ici pour prendre le quiz!

Statistiques générales

  • Ce quiz a été pris 22 109 fois
  • Le résultat moyen est 15 sur 60

Statistiques - réponses

#Verbes% Correct
1be
95%
2have
90%
3do
73%
5go
64%
8make
49%
11see
49%
40run
48%
10take
44%
42like
36%
4say
36%
48write
36%
12come
35%
31talk
35%
9think
35%
13want
34%
18give
32%
14look
31%
46live
30%
39play
30%
6get
29%
29put
29%
17tell
28%
58watch
28%
38hear
27%
7know
26%
27leave
24%
25become
22%
24feel
22%
19work
22%
59learn
21%
50sit
21%
16find
20%
51stand
18%
20call
17%
21try
17%
28let
16%
22ask
14%
47bring
14%
43move
14%
44believe
13%
55meet
13%
30keep
12%
52lose
12%
23need
12%
54pay
12%
37show
12%
34begin
11%
15use
11%
45hold
10%
36start
10%
32turn
10%
35help
9%
26mean
9%
56set
8%
60change
6%
33seem
5%
41happen
3%
57continue
2%
53include
1%
49provide
1%

Distribution des résultats

Percentile par nombre de réponses

% des personnes avec chaque résultat

Votre développement - résultats

Vous n’avez pas pris ce quiz